Central Library OPAC University of Rajshahi

Israel after the exile, sixth and fifth centuries, B.C. / (Record no. 32152)

MARC details
000 -LEADER
fixed length control field 00800nam a2200241 a 4500
001 - CONTROL NUMBER
control field 32152
003 - CONTROL NUMBER IDENTIFIER
rucl marc code BD-RjUL
005 - DATE AND TIME OF LATEST TRANSACTION
control field 20211209051808.0
008 - FIXED-LENGTH DATA ELEMENTS--GENERAL INFORMATION
fixed length control field 140424r19631928enkaob 001 0 eng d
035 ## - SYSTEM CONTROL NUMBER
System control number OCLC ocm01098075 from D960306M
-- (BD-RjUL)32241
040 ## - CATALOGING SOURCE
Original cataloging agency OUN
Transcribing agency OUN
Modifying agency EQO
-- BD-RjUL
Language of cataloging eng
041 ## - LANGUAGE CODE
Language code of text/sound track or separate title eng
082 ## - DEWEY DECIMAL CLASSIFICATION NUMBER
Classification number 224.02
Author mark and year LOI 1963
090 ## - LOCALLY ASSIGNED LC-TYPE CALL NUMBER (OCLC); LOCAL CALL NUMBER (OCLC)
Classification number (OCLC) (R) ; Classification number, CALL (RLIN) (NR) BS491
Local cutter number (OCLC) ; Book number/undivided call number, CALL (RLIN) .C55 v.4
100 1# - MAIN ENTRY--PERSONAL NAME
Personal name Lofthouse, W. F.
Fuller form of name (William Frederick),
Dates associated with a name 1871-
9 (RLIN) 97850
245 10 - TITLE STATEMENT
Title Israel after the exile, sixth and fifth centuries, B.C. /
Statement of responsibility, etc. by W. F. Lofthouse.
260 ## - PUBLICATION, DISTRIBUTION, ETC. (IMPRINT)
Place of publication, distribution, etc. Oxford :
Name of publisher, distributor, etc. The Clarendon Press,
Date of publication, distribution, etc. c 1928 [Printing 1963].
300 ## - PHYSICAL DESCRIPTION
Pagination xiv, 247, 15 p. :
Illustrations ill. ;
Size 19 cm.
490 1# - SERIES STATEMENT
Series statement Clarendon Bible.
Volume/sequential designation 4
650 #7 - SUBJECT ADDED ENTRY--TOPICAL TERM
Topical term or geographic name as entry element Bible. -- Old Testament.
9 (RLIN) 97173
830 #0 - SERIES ADDED ENTRY--UNIFORM TITLE
Uniform title Clarendon Bible
942 ## - ADDED ENTRY ELEMENTS (KOHA)
Source of classification or shelving scheme Dewey Decimal Classification
Koha item type Books
Holdings
Lost status Source of classification or shelving scheme Damaged status Not for loan Permanent Location Current Location Shelving location Date acquired Source of acquisition Cost, normal purchase price Total Checkouts Full call number Date last seen Copy number Koha item type
  Dewey Decimal Classification   Not For Loan Central Library, University of Rajshahi Central Library, University of Rajshahi Reading Room 29/07/1970 Sweets & Zeitlinger 12.60   224.02 LOI 1963 24/04/2014 C-1 Books